000 00296nam a22001337a 4500
008 171101b xxu||||| |||| 00| 0 eng d
020 _a9781556231506
041 _aeng
080 _a339
100 _a59
101 _aTRE
245 _aTECHNOLOGY IN BANKING
_cSTEINER.TH.D
942 _2udc
_cBK
999 _c37083
_d37083